000 00368nam a22001217a 4500
999 _c2126
_d2126
005 20200909091016.0
008 200909b ||||| |||| 00| 0 eng d
020 _a0415043034
040 _cCML
245 _aCinema, Censorship and sexuality 1909-1925.
_cKuhn, A.
260 _aLondon
_bRoutledge
_c1988
942 _2ddc
_cBK
_e1st Edition
_h791
_kKUH791
_mKUH